Statistics for How Well Do You Know 7b2?

Click here to take the quiz!

General Stats

  • This quiz has been taken 7 times
  • The average score is 12 of 15

Answer Stats

QuestionAnswer% Correct
Which sport does 7B2 play the most?badminton
100%
Who is the new student?Dat
100%
Who created this quiz?Julia
100%
Who is the class monitor in 2018-2019?Lance
100%
Who is the prettiest?the girls
100%
Which school does 7B2 go to?Vinschool
100%
Which boardgame does 7B2 play the most?Werewolf
100%
How many students are there in 7B2?23
67%
How many times does 7B2 go to the cinema?3
67%
I have no more question! bye! no! wait! what do you want for next school year?All
67%
What is 7B2's habit after school?go to the park
67%
Who is the most handsome?Mr.Huy
67%
Who is 7B2's favorite teacher?Mr.Truc
67%
Where does 7B2 go on May 25th?Binh Chau
33%
When does 7B2 do on question 5?chaotic - not in order
33%

Score Distribution

Percentile by Number Answered

Percent of People with Each Score

Your Score History

You have not taken this quiz